[Event "EU-ch 16th"]
[Site "Jerusalem"]
[Date "2015.03.05"]
[Round "9"]
[White "Melkumyan, Hrant"]
[Black "Murey, Jacob"]
[Result "1-0"]
[WhiteElo "2673"]
[BlackElo "2428"]
[PlyCount "59"]
[EventDate "2015.02.24"]
[EventType "swiss"]
[EventRounds "11"]
[EventCountry "ISR"]
[SourceTitle "CBM 166"]
[Source "ChessBase"]
[SourceDate "2015.05.11"]
[SourceVersion "1"]
[SourceVersionDate "2015.05.11"]
[SourceQuality "1"]

1. d4 g6 2. c4 Bg7 3. Nc3 c5 4. d5 Bxc3+ 5. bxc3 Qa5 6. Qc2 f5 7. Nh3 d6 8. Nf4 Nd7 9. h4 Nf8 10. Rb1 Nf6 11. f3 Rb8 12. e3 Kf7 13. Bd3 h5 14. 0-0 e5 15. dxe6+ Nxe6 16. e4 Ng7 17. Nd5 Nxd5 18. cxd5 c4 19. Be2 Qc7 20. Be3 b5 21. Qd2 Bd7 22. Bd4 a6 23. Qg5 Qd8 24. Qf4 Qe7 25. Bd1 Kg8 26. Bc2 Kh7 27. Rbe1 fxe4 28. Rxe4 Qd8 29. Qf7 Rg8 30. Re7 1-0

[Event "EU-ch 16th"]
[Site "Jerusalem"]
[Date "2015.03.03"]
[Round "7"]
[White "Pantsulaia, Levan"]
[Black "Murey, Jacob"]
[Result "1-0"]
[WhiteElo "2615"]
[BlackElo "2428"]
[PlyCount "115"]
[EventDate "2015.02.24"]
[EventType "swiss"]
[EventRounds "11"]
[EventCountry "ISR"]
[SourceTitle "CBM 166"]
[Source "ChessBase"]
[SourceDate "2015.05.11"]
[SourceVersion "1"]
[SourceVersionDate "2015.05.11"]
[SourceQuality "1"]

1. Nf3 f5 2. d3 Nf6 3. e4 d6 4. exf5 Bxf5 5. d4 Nbd7 6. Bd3 Bg4 7. h3 Bxf3 8. Qxf3 c6 9. Qe2 g6 10. 0-0 Bg7 11. Re1 Nb6 12. Nd2 Nbd5 13. Nf3 Nc7 14. Bd2 Qd7 15. Ng5 Kf8 16. f4 Re8 17. Qf2 e6 18. Re2 Ke7 19. Bb4 Nfd5 20. Ba3 Rhf8 21. g3 Nf6 22. d5 cxd5 23. Rae1 b6 24. Nxe6 Nxe6 25. Rxe6+ Kf7 26. f5 Kg8 27. Rxd6 Qc8 28. Rxe8 Rxe8 29. fxg6 Qxh3 30. gxh7+ Nxh7 31. Rxd5 Nf6 32. Bg6 Rc8 33. Bf5 Qh6 34. Be6+ Kh8 35. Bxc8 Nxd5 36. c3 Ne3 37. Ba6 Ng4 38. Qe2 Qg6 39. Bd3 Qh5 40. Bd6 Bh6 41. Bf4 Bxf4 42. gxf4 Qh4 43. Qe8+ Kg7 44. Qd7+ Kf8 45. Qf5+ Kg7 46. Qd7+ Kf8 47. Qd6+ Kf7 48. Qd5+ Kg7 49. Qd4+ Kg8 50. Kf1 Kf7 51. a4 Ke6 52. Qe4+ Kd6 53. Qg6+ Nf6 54. Qg5 Qh1+ 55. Ke2 Nd5 56. Qe5+ Kd7 57. Bf5+ Kc6 58. Be4 1-0

[Event "EU-ch 16th"]
[Site "Jerusalem"]
[Date "2015.03.02"]
[Round "6"]
[White "Murey, Jacob"]
[Black "Pogosian, Vladimir"]
[Result "1-0"]
[WhiteElo "2428"]
[BlackElo "2124"]
[PlyCount "63"]
[EventDate "2015.02.24"]
[EventType "swiss"]
[EventRounds "11"]
[EventCountry "ISR"]
[SourceTitle "CBM 166"]
[Source "ChessBase"]
[SourceDate "2015.05.11"]
[SourceVersion "1"]
[SourceVersionDate "2015.05.11"]
[SourceQuality "1"]

1. e4 d6 2. d4 Nf6 3. Nc3 e5 4. dxe5 dxe5 5. Qxd8+ Kxd8 6. Bc4 Be6 7. Bxe6 fxe6 8. Nf3 Nc6 9. Bd2 Bd6 10. 0-0-0 Ke7 11. a3 h6 12. h3 Nd4 13. Ne1 g5 14. Be3 c5 15. f3 Nh5 16. Bf2 Rhf8 17. Kb1 Nf4 18. Na2 Rac8 19. Nc1 b6 20. c3 Nc6 21. Ncd3 c4 22. Nb4 Na5 23. h4 Rh8 24. h5 Bc5 25. Bxc5+ bxc5 26. Nbc2 Rhd8 27. Rxd8 Rxd8 28. Ne3 Rd2 29. N1c2 Kf7 30. a4 Nxg2 31. Rh2 Rxc2 32. Nxc2 1-0

[Event "EU-ch 16th"]
[Site "Jerusalem"]
[Date "2015.03.01"]
[Round "5"]
[White "Gershkowich, David"]
[Black "Murey, Jacob"]
[Result "1/2-1/2"]
[WhiteElo "2227"]
[BlackElo "2428"]
[PlyCount "97"]
[EventDate "2015.02.24"]
[EventType "swiss"]
[EventRounds "11"]
[EventCountry "ISR"]
[SourceTitle "CBM 166"]
[Source "ChessBase"]
[SourceDate "2015.05.11"]
[SourceVersion "1"]
[SourceVersionDate "2015.05.11"]
[SourceQuality "1"]

1. e4 e6 2. d4 d5 3. Nc3 Nf6 4. Bg5 Bb4 5. e5 h6 6. Be3 Ne4 7. Qg4 g6 8. a3 Ba5 9. b4 Nxc3 10. bxa5 c5 11. Bd3 Nc6 12. Nf3 cxd4 13. Bd2 Bd7 14. 0-0 Rc8 15. Rfe1 Qxa5 16. Nxd4 Nxd4 17. Qxd4 Qc5 18. Qf4 Qe7 19. Re3 Na4 20. Rh3 g5 21. Qxg5 hxg5 22. Rxh8+ Qf8 23. Rxf8+ Kxf8 24. Bxg5 Nc5 25. Bf1 Ba4 26. Rc1 Nd7 27. Be3 Nxe5 28. Bxa7 Rxc2 29. Rb1 b5 30. Bd4 Nc4 31. Ra1 e5 32. Bc5+ Kg7 33. Bb4 d4 34. Bd3 Rb2 35. h4 Bc2 36. Bxc2 Rxc2 37. Rd1 Nb2 38. Rd2 Rxd2 39. Bxd2 Nc4 40. Bb4 f5 41. Kf1 Kg6 42. Bc5 d3 43. f3 Kh5 44. g3 e4 45. fxe4 fxe4 46. Ke1 Kg4 47. Kf2 Kh5 48. Bb4 e3+ 49. Kf3 1/2-1/2

[Event "EU-ch 16th"]
[Site "Jerusalem"]
[Date "2015.02.26"]
[Round "3"]
[White "Bochkarev, Yuriy"]
[Black "Murey, Jacob"]
[Result "1/2-1/2"]
[WhiteElo "2076"]
[BlackElo "2428"]
[PlyCount "102"]
[EventDate "2015.02.24"]
[EventType "swiss"]
[EventRounds "11"]
[EventCountry "ISR"]
[SourceTitle "CBM 166"]
[Source "ChessBase"]
[SourceDate "2015.05.11"]
[SourceVersion "1"]
[SourceVersionDate "2015.05.11"]
[SourceQuality "1"]

1. d4 e6 2. Nf3 c5 3. c3 Nf6 4. Bg5 Qb6 5. Qb3 Ne4 6. Bf4 Bd6 7. Qxb6 axb6 8. Bxd6 Nxd6 9. Nbd2 Nc6 10. e3 f6 11. Bd3 Kd8 12. 0-0 Kc7 13. Rfc1 Nf7 14. b4 d6 15. Nb3 cxb4 16. cxb4 Kb8 17. a3 d5 18. b5 Na5 19. Nbd2 Nd6 20. Rc3 Bd7 21. a4 Nac4 22. Bxc4 Rc8 23. Rca3 dxc4 24. Nb1 c3 25. Nxc3 Bxb5 26. Nd2 Bd3 27. f3 b5 28. axb5 Rxa3 29. Rxa3 Nxb5 30. Nxb5 Bxb5 31. Ne4 Rc2 32. Rc3 Rxc3 33. Nxc3 Bc4 34. Kf2 b5 35. Ke1 Kc7 36. Ne4 Kc6 37. Kd1 b4 38. Kc2 h6 39. Nd2 Kd5 40. g3 e5 41. dxe5 fxe5 42. h4 Kc5 43. f4 exf4 44. gxf4 Bg8 45. Kd3 Bh7+ 46. e4 Bg8 47. f5 b3 48. Kc3 b2 49. Kxb2 Kd4 50. Kc2 Bf7 51. Kd1 Bh5+ 1/2-1/2

[Event "FRA-chT1 1011"]
[Site "France"]
[Date "2010.12.11"]
[Round "4.4"]
[White "Murey, Jacob"]
[Black "Milchev, Nikolay"]
[Result "1-0"]
[WhiteElo "2426"]
[BlackElo "2365"]
[PlyCount "101"]
[EventDate "2010.10.17"]
[EventType "team-tourn"]
[EventRounds "11"]
[EventCountry "FRA"]
[SourceTitle "EXT 2012"]
[Source "ChessBase"]
[SourceDate "2011.11.24"]
[SourceVersion "1"]
[SourceVersionDate "2011.11.24"]
[SourceQuality "1"]

1. c4 e5 2. Nf3 Nc6 3. g3 Bc5 4. Nc3 d6 5. Bg2 a6 6. e3 Bg4 7. h3 Bh5 8. d3 f5 9. Qb3 Rb8 10. 0-0 h6 11. Bd2 Nge7 12. Nd5 0-0 13. Rae1 Ba7 14. a4 Bf7 15. e4 Kh8 16. Qc2 Bh5 17. Nxe7 Qxe7 18. exf5 Bxf3 19. Bxf3 Nd4 20. Qd1 Nxf5 21. Kg2 Bd4 22. Be4 Rf6 23. Qg4 Qf7 24. b4 Rf8 25. f4 c6 26. h4 h5 27. Qf3 exf4 28. Bxf4 Nxh4+ 29. gxh4 Rxf4 30. Qxf4 Qxf4 31. Rxf4 Rxf4 32. Bf3 Rxh4 33. Re7 g5 34. Rxb7 Be5 35. Bxc6 Rh2+ 36. Kf1 Ra2 37. b5 Rxa4 38. b6 Ra1+ 39. Ke2 d5 40. Re7 Ra2+ 41. Ke3 Bf4+ 42. Kd4 dxc4 43. dxc4 Rd2+ 44. Kc3 Rd6 45. Rc7 Rf6 46. Rc8+ Kg7 47. c5 g4 48. Bd5 Rf8 49. b7 h4 50. c6 Rf5 51. c7 1-0

[Event "ISR-chT"]
[Site "Israel"]
[Date "2010.02.05"]
[Round "3.4"]
[White "Murey, Jacob"]
[Black "Postny, Evgeny"]
[Result "1-0"]
[WhiteElo "2415"]
[BlackElo "2648"]
[PlyCount "69"]
[EventDate "2010.01.29"]
[EventType "team"]
[EventRounds "11"]
[EventCountry "ISR"]
[SourceTitle "EXT 2011"]
[Source "ChessBase"]
[SourceDate "2010.11.26"]
[SourceVersion "1"]
[SourceVersionDate "2010.11.26"]
[SourceQuality "1"]
[WhiteTeam "Jerusalem JeruChess"]
[BlackTeam "Beer Sheva"]
[WhiteTeamCountry "ISR"]
[BlackTeamCountry "ISR"]

1. e4 c6 2. Nc3 d5 3. Nf3 a6 4. d4 Bg4 5. h3 Bh5 6. g4 Bg6 7. Ne5 Bxe4 8. Nxe4 dxe4 9. Bg2 Nd7 10. Nc4 Ngf6 11. g5 Nd5 12. Bxe4 e6 13. Qf3 b5 14. Ne3 Bb4+ 15. c3 Be7 16. h4 Rc8 17. Rg1 N7b6 18. Ng4 Bd6 19. h5 Qc7 20. Ne3 g6 21. Rh1 Rg8 22. Ng4 gxh5 23. Rxh5 Rg7 24. Nf6+ Nxf6 25. Qxf6 Bf8 26. Bf4 Qe7 27. Be5 Rg6 28. Qxe7+ Bxe7 29. f4 f5 30. Bf3 Kd7 31. Rxh7 Nd5 32. Kf2 Rgg8 33. Rah1 a5 34. R1h6 Rcf8 35. Bh5 1-0

[Event "Paris"]
[Site "Paris"]
[Date "2010.01.??"]
[Round "8"]
[White "Murey, Jacob"]
[Black "Aranovitch, Emiliano"]
[Result "1/2-1/2"]
[WhiteElo "2415"]
[BlackElo "2338"]
[PlyCount "27"]
[EventDate "2010.01.??"]
[EventType "tourn"]
[EventRounds "9"]
[EventCountry "FRA"]
[EventCategory "3"]
[SourceTitle "EXT 2011"]
[Source "ChessBase"]
[SourceDate "2010.11.26"]
[SourceVersion "1"]
[SourceVersionDate "2010.11.26"]
[SourceQuality "1"]

1. d4 Nf6 2. c4 g6 3. Nc3 Bg7 4. e4 d6 5. f3 0-0 6. Be3 c5 7. dxc5 dxc5 8. Bxc5 Nc6 9. Qa4 Be6 10. Rd1 Nd7 11. Be3 Qc7 12. c5 Bxc3+ 13. bxc3 Nce5 14. Qb4 1/2-1/2

[Event "FRA-chT1 0910"]
[Site "France"]
[Date "2009.12.13"]
[Round "7.3"]
[White "Chirila, Ioan Cristian"]
[Black "Murey, Jacob"]
[Result "1/2-1/2"]
[WhiteElo "2510"]
[BlackElo "2410"]
[PlyCount "39"]
[EventDate "2009.09.27"]
[EventType "team-tourn"]
[EventRounds "11"]
[EventCountry "FRA"]
[SourceTitle "EXT 2011"]
[Source "ChessBase"]
[SourceDate "2010.11.26"]
[SourceVersion "1"]
[SourceVersionDate "2010.11.26"]
[SourceQuality "1"]

1. e4 e6 2. d4 d5 3. Nc3 Nf6 4. Bg5 Bb4 5. e5 h6 6. Bd2 Bxc3 7. bxc3 Ne4 8. Qg4 g6 9. Bd3 Bd7 10. Nf3 Bc6 11. h4 Nd7 12. Be3 Nb6 13. Bxe4 dxe4 14. Nd2 Qd5 15. Qe2 Bb5 16. Qg4 0-0-0 17. Qxe4 Qd7 18. f3 Ba6 19. Kf2 Bb5 20. Rab1 1/2-1/2

[Event "FRA-chT2 North 0809"]
[Site "France"]
[Date "2009.03.14"]
[Round "8.1"]
[White "Murey, Jacob"]
[Black "Vaugeois, Stephane"]
[Result "1-0"]
[WhiteElo "2403"]
[BlackElo "2094"]
[PlyCount "54"]
[EventDate "2008.10.19"]
[EventType "tourn"]
[EventRounds "11"]
[EventCountry "FRA"]
[SourceTitle "EXT 2010"]
[Source "ChessBase"]
[SourceDate "2010.11.25"]
[SourceVersion "1"]
[SourceVersionDate "2010.11.25"]
[SourceQuality "1"]
[WhiteTeam "Chess XV"]
[BlackTeam "Gonfreville II"]
[WhiteTeamCountry "FRA"]
[BlackTeamCountry "FRA"]

1. c4 Nf6 2. Nc3 d5 3. cxd5 Nxd5 4. e4 Nxc3 5. bxc3 g6 6. h4 h5 7. d4 Bg7 8. Bc4 Nd7 9. Nf3 Nb6 10. Bb3 Bg4 11. Qd3 0-0 12. Ng5 c5 13. f3 cxd4 14. fxg4 dxc3 15. Qe3 Qd4 16. gxh5 Be5 17. Nf3 Bg3+ 18. Kf1 Qc5 19. e5 Nc4 20. Bxc4 Qxc4+ 21. Qe2 Rac8 22. Qxc4 Rxc4 23. Rh3 Bf4 24. Bxf4 Rxf4 25. Rg3 Rc8 26. Ke2 Rb4 27. hxg6 c2 1-0

[Event "ISR-chT 0809"]
[Site "Israel"]
[Date "2008.12.19"]
[Round "3"]
[White "Porat, Shay"]
[Black "Murey, Jacob"]
[Result "1/2-1/2"]
[WhiteElo "2459"]
[BlackElo "2409"]
[PlyCount "40"]
[EventDate "2008.12.12"]
[EventType "team-tourn"]
[EventRounds "11"]
[EventCountry "ISR"]
[SourceTitle "EXT 2010"]
[Source "ChessBase"]
[SourceDate "2010.11.25"]
[SourceVersion "1"]
[SourceVersionDate "2010.11.25"]
[SourceQuality "1"]

1. d4 e6 2. c4 Bb4+ 3. Bd2 a5 4. Nf3 Nf6 5. g3 d5 6. Bg2 dxc4 7. 0-0 Nc6 8. Bg5 Rb8 9. e3 Bd7 10. Nbd2 c3 11. bxc3 Bxc3 12. Ne4 Bxa1 13. Qxa1 Nb4 14. Nxf6+ gxf6 15. d5 e5 16. Nxe5 fxg5 17. Nc6 bxc6 18. Qxh8+ Ke7 19. Qe5+ Kf8 20. Qh8+ Ke7 1/2-1/2

[Event "Metz op 26th"]
[Site "Metz"]
[Date "2008.04.24"]
[Round "6"]
[White "Dubois, Martine"]
[Black "Murey, Jacob"]
[Result "0-1"]
[WhiteElo "1992"]
[BlackElo "2415"]
[PlyCount "68"]
[EventDate "2008.04.19"]
[EventType "swiss"]
[EventRounds "9"]
[EventCountry "FRA"]
[SourceTitle "CBM 123 Extra"]
[Source "ChessBase"]
[SourceDate "2008.05.06"]
[SourceVersion "1"]
[SourceVersionDate "2008.05.06"]
[SourceQuality "1"]

1. e4 c5 2. c3 b6 3. d4 Bb7 4. Bd3 Nf6 5. Nd2 cxd4 6. cxd4 Nc6 7. Ne2 Nb4 8. Bb1 Ba6 9. Nf3 Qc7 10. Nc3 e6 11. a3 Nc6 12. Bd3 Bxd3 13. Qxd3 d5 14. e5 Nd7 15. 0-0 a6 16. Ne2 b5 17. Bd2 Nb6 18. Rac1 Nc4 19. b3 Nxa3 20. Qc3 Rc8 21. Qd3 Qb7 22. Nf4 g6 23. Ng5 Be7 24. h4 b4 25. Nfxe6 fxe6 26. Nxe6 Nb5 27. Qh3 Kf7 28. Nc5 Bxc5 29. Qf3+ Ke8 30. Rxc5 Ncxd4 31. Rxc8+ Qxc8 32. Qxd5 Qc6 33. Qxc6+ Nxc6 34. Rc1 Kd7 0-1

[Event "Metz op 26th"]
[Site "Metz"]
[Date "2008.04.23"]
[Round "5"]
[White "Murey, Jacob"]
[Black "Haub, Thorsten Michael"]
[Result "1/2-1/2"]
[WhiteElo "2415"]
[BlackElo "2467"]
[PlyCount "83"]
[EventDate "2008.04.19"]
[EventType "swiss"]
[EventRounds "9"]
[EventCountry "FRA"]
[SourceTitle "CBM 123 Extra"]
[Source "ChessBase"]
[SourceDate "2008.05.06"]
[SourceVersion "1"]
[SourceVersionDate "2008.05.06"]
[SourceQuality "1"]

1. d4 e6 2. e4 d5 3. e5 c5 4. c3 Nc6 5. g3 f5 6. Ne2 Bd7 7. Bg2 Nge7 8. Na3 cxd4 9. cxd4 Qa5+ 10. Qd2 Qxd2+ 11. Bxd2 a6 12. 0-0-0 Nc8 13. Nc2 b5 14. Kb1 Nb6 15. b3 a5 16. Nf4 b4 17. Bf1 Be7 18. h4 0-0 19. Bb5 Kf7 20. f3 Nxe5 21. Bxd7 Nexd7 22. Rde1 Bd6 23. Nxe6 Rfe8 24. Ng5+ Kg8 25. Bf4 Bxf4 26. gxf4 h6 27. Ne6 Kf7 28. Nc5 Rxe1+ 29. Rxe1 Re8 30. Rxe8 Kxe8 31. Nb7 Nf8 32. Ne3 a4 33. bxa4 Nxa4 34. Nxd5 Kd7 35. Nc5+ Nxc5 36. dxc5 Kc6 37. Nxb4+ Kxc5 38. Nd3+ Kb5 39. Kc2 h5 40. Kd2 Ng6 41. Ke3 Nxh4 42. Kf2 1/2-1/2

[Event "Montigny le Bretonneux Noel op 10th"]
[Site "Montigny le Bretonneux"]
[Date "2007.12.30"]
[Round "6"]
[White "Stroppa, Daniel"]
[Black "Murey, Jacob"]
[Result "1-0"]
[WhiteElo "2223"]
[BlackElo "2417"]
[PlyCount "103"]
[EventDate "2007.12.26"]
[EventType "swiss"]
[EventRounds "7"]
[EventCountry "FRA"]
[SourceTitle "CBM 122 Extra"]
[Source "ChessBase"]
[SourceDate "2008.03.04"]
[SourceVersion "1"]
[SourceVersionDate "2008.03.04"]
[SourceQuality "1"]

1. d4 f5 2. Bg5 c6 3. c4 Nf6 4. Bxf6 exf6 5. Nc3 Bb4 6. e3 Bxc3+ 7. bxc3 d6 8. Bd3 Be6 9. Ne2 g6 10. Qc2 Nd7 11. Nf4 Bf7 12. 0-0 0-0 13. Rab1 Qc7 14. h4 Rfe8 15. h5 Nf8 16. hxg6 hxg6 17. g4 fxg4 18. Nxg6 d5 19. cxd5 Bxd5 20. Nxf8 Kxf8 21. e4 Be6 22. Kg2 Kg7 23. Qd2 Rh8 24. Rh1 b5 25. Be2 Rae8 26. Rxh8 Rxh8 27. Rh1 Rh3 28. Rxh3 gxh3+ 29. Kh1 Qf7 30. a3 Qe7 31. Qc1 f5 32. e5 Qh4 33. Qg1+ Kf8 34. Bf1 f4 35. Kh2 Qh5 36. Qh1 Bd5 37. Qg1 Bg2 38. Bd3 Qf3 39. Bf1 Qh5 40. Bd3 Ke7 41. Qe1 a5 42. c4 Qf3 43. Qxa5 Qxd3 44. Qc7+ Ke6 45. Qc8+ Kf7 46. Qd7+ Kg6 47. Qg4+ Kh6 48. Qxf4+ Kh5 49. e6 Qg6 50. e7 Be4 51. Qe5+ Kh4 52. Qh8+ 1-0

[Event "Montigny le Bretonneux Noel op 10th"]
[Site "Montigny le Bretonneux"]
[Date "2007.12.27"]
[Round "3"]
[White "Murey, Jacob"]
[Black "Laurent, Dominique"]
[Result "1-0"]
[WhiteElo "2417"]
[BlackElo "2001"]
[PlyCount "41"]
[EventDate "2007.12.26"]
[EventType "swiss"]
[EventRounds "7"]
[EventCountry "FRA"]
[SourceTitle "CBM 122 Extra"]
[Source "ChessBase"]
[SourceDate "2008.03.04"]
[SourceVersion "1"]
[SourceVersionDate "2008.03.04"]
[SourceQuality "1"]

1. d4 f5 2. e4 fxe4 3. Nc3 Nf6 4. Bg5 Nc6 5. d5 Ne5 6. Qd4 Nf7 7. h4 a6 8. Nxe4 Nxe4 9. Qxe4 d6 10. Nf3 Qd7 11. 0-0-0 b5 12. Bd3 Bb7 13. Rhe1 c6 14. dxc6 Bxc6 15. Qf4 e5 16. Nxe5 dxe5 17. Rxe5+ Nxe5 18. Qxe5+ Kf7 19. Bc4+ bxc4 20. Rxd7+ Bxd7 21. Qd5+ 1-0

[Event "Montigny le Bretonneux Noel op 10th"]
[Site "Montigny le Bretonneux"]
[Date "2007.12.26"]
[Round "1"]
[White "Murey, Jacob"]
[Black "Ferreira, Carlos Andre Santos"]
[Result "1-0"]
[WhiteElo "2417"]
[BlackElo "1981"]
[PlyCount "83"]
[EventDate "2007.12.26"]
[EventType "swiss"]
[EventRounds "7"]
[EventCountry "FRA"]
[SourceTitle "CBM 122 Extra"]
[Source "ChessBase"]
[SourceDate "2008.03.04"]
[SourceVersion "1"]
[SourceVersionDate "2008.03.04"]
[SourceQuality "1"]

1. c4 Nf6 2. Nc3 d6 3. d4 Nbd7 4. e4 e5 5. Nf3 c6 6. h3 Be7 7. g4 exd4 8. Nxd4 Nc5 9. Bg2 0-0 10. Be3 Qa5 11. 0-0 Ne8 12. a3 Qd8 13. b4 Ne6 14. Nf5 Bf6 15. Rc1 N6c7 16. Qb3 Bxf5 17. exf5 Bxc3 18. Rxc3 Qf6 19. Rd1 h6 20. Rcd3 Rd8 21. Bxa7 h5 22. Bb6 hxg4 23. hxg4 Rd7 24. b5 Qg5 25. bxc6 bxc6 26. Bxc6 Re7 27. Rg3 Nf6 28. Qf3 Nd7 29. Be3 Qf6 30. g5 Qc3 31. f6 Rxe3 32. Qxe3 Qxe3 33. Rxe3 Ne5 34. Rxe5 dxe5 35. a4 Ne6 36. a5 Nxg5 37. a6 Ne6 38. a7 Nc7 39. Rd7 Na8 40. c5 gxf6 41. Bxa8 Rxa8 42. c6 1-0

[Event "Evry op"]
[Site "Evry"]
[Date "2007.11.02"]
[Round "4"]
[White "Murey, Jacob"]
[Black "Toulzac, Pierre Yves"]
[Result "1-0"]
[WhiteElo "2417"]
[BlackElo "2300"]
[PlyCount "59"]
[EventDate "2007.10.31"]
[EventType "swiss"]
[EventRounds "9"]
[EventCountry "FRA"]
[SourceTitle "EXT 2009"]
[Source "ChessBase"]
[SourceDate "2008.11.26"]
[SourceVersion "1"]
[SourceVersionDate "2008.11.26"]
[SourceQuality "1"]

1. d4 Nf6 2. c4 e5 3. dxe5 Ne4 4. Nd2 Nc5 5. Ngf3 Nc6 6. Nb3 Ne4 7. a3 d6 8. Qd5 Bf5 9. exd6 Nxd6 10. Nfd4 Ne7 11. Qf3 Be4 12. Qc3 b6 13. f3 c5 14. Nb5 Nxb5 15. cxb5 Bb7 16. e4 f5 17. Nd2 fxe4 18. Nxe4 Bxe4 19. fxe4 Ng6 20. g3 Be7 21. Qxg7 Bf6 22. Qb7 Ne5 23. Be2 0-0 24. Bh6 Nd3+ 25. Bxd3 Qxd3 26. Rd1 Qf3 27. Qd5+ Kh8 28. e5 Qh5 29. Bxf8 Rd8 30. Bg7+ 1-0

[Event "Evry op"]
[Site "Evry"]
[Date "2007.11.01"]
[Round "2"]
[White "Murey, Jacob"]
[Black "Rousselet, Christophe"]
[Result "1-0"]
[WhiteElo "2417"]
[BlackElo "1982"]
[PlyCount "61"]
[EventDate "2007.10.31"]
[EventType "swiss"]
[EventRounds "9"]
[EventCountry "FRA"]
[SourceTitle "EXT 2009"]
[Source "ChessBase"]
[SourceDate "2008.11.26"]
[SourceVersion "1"]
[SourceVersionDate "2008.11.26"]
[SourceQuality "1"]

1. c4 e5 2. Nf3 d6 3. d4 e4 4. Ng5 f5 5. Nc3 Be7 6. Qd2 Nf6 7. f3 d5 8. cxd5 Nxd5 9. fxe4 Nxc3 10. bxc3 Bxg5 11. Qxg5 Qxg5 12. Bxg5 fxe4 13. g3 0-0 14. Bg2 Bf5 15. Rb1 b6 16. Rf1 c6 17. Rf4 Be6 18. Rxf8+ Kxf8 19. Bxe4 Bxa2 20. Ra1 Bd5 21. Bxh7 Nd7 22. Bf5 Nf6 23. Bxf6 gxf6 24. e4 Bc4 25. Bd7 c5 26. dxc5 bxc5 27. Ra5 Bd3 28. Bc6 Rc8 29. Bd5 Rc7 30. Kd2 Bf1 31. Ke3 1-0

[Event "Evry op"]
[Site "Evry"]
[Date "2007.10.31"]
[Round "1"]
[White "Cardon, Philippe"]
[Black "Murey, Jacob"]
[Result "0-1"]
[WhiteElo "1846"]
[BlackElo "2417"]
[PlyCount "58"]
[EventDate "2007.10.31"]
[EventType "swiss"]
[EventRounds "9"]
[EventCountry "FRA"]
[SourceTitle "EXT 2009"]
[Source "ChessBase"]
[SourceDate "2008.11.26"]
[SourceVersion "1"]
[SourceVersionDate "2008.11.26"]
[SourceQuality "1"]

1. Nf3 f5 2. b3 d6 3. d4 Nf6 4. Bb2 g6 5. Nc3 Bg7 6. e3 0-0 7. Be2 c6 8. Qd2 b5 9. a3 a6 10. 0-0 Nbd7 11. Ng5 Nb6 12. f4 Qc7 13. Bf3 Nbd5 14. Nxd5 cxd5 15. Rac1 h6 16. Nh3 Be6 17. Qe1 Rac8 18. Nf2 g5 19. fxg5 hxg5 20. Be2 Bh6 21. Bd3 Ne4 22. Nxe4 dxe4 23. Be2 d5 24. Qb4 g4 25. Kh1 Bxe3 26. c4 bxc4 27. Rc2 Rf7 28. bxc4 Rh7 29. g3 Qxg3 0-1

[Event "Wch Seniors 17th"]
[Site "Gmunden"]
[Date "2007.09.17"]
[Round "1"]
[White "Murey, Jacob"]
[Black "Titz, Herbert"]
[Result "1-0"]
[WhiteElo "2417"]
[BlackElo "2060"]
[PlyCount "67"]
[EventDate "2007.09.17"]
[EventType "swiss"]
[EventRounds "11"]
[EventCountry "AUT"]
[SourceTitle "CBM 120 Extra"]
[Source "ChessBase"]
[SourceDate "2007.11.01"]
[SourceVersion "1"]
[SourceVersionDate "2007.11.01"]
[SourceQuality "1"]

1. c4 Nf6 2. Nc3 e5 3. Nf3 d6 4. d4 exd4 5. Nxd4 Be7 6. e4 0-0 7. Be2 Nbd7 8. 0-0 Re8 9. f3 h6 10. Be3 Nf8 11. Qd2 Be6 12. b4 a6 13. a3 Ng6 14. f4 Bd7 15. h3 Bf8 16. Bd3 Ne7 17. e5 Nh7 18. Qc2 Ng6 19. e6 Bxe6 20. f5 Bxf5 21. Nxf5 Nf6 22. Bd4 Ne5 23. Bxe5 Rxe5 24. Rae1 g6 25. Rxe5 dxe5 26. Ng3 Bg7 27. Nce4 Nd7 28. Qf2 Qe7 29. Nc3 c6 30. c5 Nf8 31. Bc4 Ne6 32. Nce4 Rd8 33. Nd6 Rd7 34. Qxf7+ 1-0

[Event "Paris-ch int"]
[Site "Paris"]
[Date "2007.07.13"]
[Round "7"]
[White "Pile, Richard"]
[Black "Murey, Jacob"]
[Result "1-0"]
[WhiteElo "2277"]
[BlackElo "2417"]
[PlyCount "123"]
[EventDate "2007.07.07"]
[EventType "swiss"]
[EventRounds "9"]
[EventCountry "FRA"]
[SourceTitle "CBM 119 Extra"]
[Source "ChessBase"]
[SourceDate "2007.09.04"]
[SourceVersion "1"]
[SourceVersionDate "2007.09.04"]
[SourceQuality "1"]

1. Nf3 g6 2. e4 c5 3. c4 Bg7 4. d4 cxd4 5. Nxd4 Nc6 6. Be3 Nh6 7. Nc3 d6 8. Be2 0-0 9. Qd2 Ng4 10. Bxg4 Bxg4 11. 0-0 Rc8 12. b3 a6 13. Nxc6 bxc6 14. Bh6 Qa5 15. Bxg7 Kxg7 16. f4 Bd7 17. Rf3 Rcd8 18. Rd3 Be6 19. Kh1 f6 20. Qe3 Rb8 21. Re1 Qb6 22. Qd2 Qa5 23. h3 Rb7 24. Qe3 Qb6 25. Qd2 Qa5 26. e5 dxe5 27. fxe5 Bf5 28. Na4 Qxd2 29. Rxd2 Rd7 30. exf6+ exf6 31. Rxd7+ Bxd7 32. Nc5 Bc8 33. Ne6+ Bxe6 34. Rxe6 Rc8 35. Re7+ Kh6 36. Ra7 f5 37. Kg1 c5 38. Rxa6 Kg5 39. Re6 Rd8 40. Kf2 Rd2+ 41. Re2 Rd1 42. Kf3 Rd3+ 43. Re3 Rd2 44. Re5 Rxa2 45. Rxc5 Rb2 46. Rb5 Rc2 47. c5 Rc3+ 48. Ke2 Kf6 49. b4 Ke5 50. Rb7 h5 51. Kd2 Rg3 52. c6 Rxg2+ 53. Kc3 Rg1 54. b5 Rc1+ 55. Kd2 Rc5 56. c7 g5 57. b6 g4 58. hxg4 fxg4 59. Rb8 h4 60. c8Q Rxc8 61. Rxc8 g3 62. b7 1-0

[Event "EU-ch Seniors 07th"]
[Site "Hockenheim"]
[Date "2007.06.02"]
[Round "1"]
[White "Hutchinson, Norman A"]
[Black "Murey, Jacob"]
[Result "0-1"]
[WhiteElo "2087"]
[BlackElo "2433"]
[PlyCount "114"]
[EventDate "2007.06.02"]
[EventType "swiss"]
[EventRounds "9"]
[EventCountry "GER"]
[SourceTitle "CBM 118 Extra"]
[Source "ChessBase"]
[SourceDate "2007.07.04"]
[SourceVersion "1"]
[SourceVersionDate "2007.07.04"]
[SourceQuality "1"]

1. e4 c5 2. c3 b6 3. d4 Bb7 4. Bd3 Nf6 5. Nd2 cxd4 6. cxd4 Nc6 7. Ne2 Nb4 8. Bb1 Ba6 9. e5 Nfd5 10. Nf3 Qc7 11. a3 Bxe2 12. Kxe2 Qc4+ 13. Ke1 Rc8 14. Kd2 g6 15. axb4 Bh6+ 16. Ke1 Qxc1 17. Be4 Nxb4 18. Qxc1 Rxc1+ 19. Rxc1 Bxc1 20. Ke2 Bh6 21. Nd2 f5 22. Rc1 0-0 23. Bf3 d6 24. Rc7 dxe5 25. dxe5 Rd8 26. Nc4 b5 27. Ne3 a6 28. Rxe7 Bg7 29. b3 Kf8 30. Re6 Kf7 31. Rb6 Bxe5 32. Rb7+ Kg8 33. Ra7 f4 34. Nf1 Re8 35. Ra8 Rxa8 36. Bxa8 Kf7 37. Nd2 Ke6 38. Ne4 Kd7 39. Nc5+ Kd6 40. Nd3 Nc2 41. Kd2 Nd4 42. b4 a5 43. Nxe5 Kxe5 44. bxa5 Nb3+ 45. Kc3 Nxa5 46. Kb4 Nc4 47. Kxb5 Kd4 48. g3 Ne5 49. h4 f3 50. Kb6 Kd3 51. Kc5 Ke2 52. Kd6 Ng4 53. Ke6 Kxf2 54. Kf7 Kxg3 55. Bxf3 Ne5+ 56. Kg7 Nxf3 57. Kxh7 Nxh4 0-1